Había una vez una [casa] / (Registro nro. 11966)

Detalles MARC
000 -LIDER
fixed length control field 00865nam a22003017a 4500
001 - NÚMERO DE CONTROL
Identificador de número de control 000705
003 - IDENTIFICACDOR DE NÚMERO DE CONTROL
control field DO-SdBNP
005 - DATE AND TIME OF LATEST TRANSACTION
control field 20180212160511.0
007 - CAMPOS FIJOS DE DESCRIPCIÓN FÍSICA
fixed length control field 000705
008 - ELEMENTOS DE LONGITUD FIJA
fixed length control field 161115b 2011 pe a ||||| |||| 00| 0 spa d
020 ## - ISBN
International Standard Book Number 9789870401568
040 ## - FUENTE DE CATALOGACIÓN
Agencia que crea de manera original el registro BPMSU
Idioma de catalogación spa
Agencia que realiza la transcripción BPMSU
082 ## - NÚMERO DE CLASIFICACIÓN DECIMAL DE DEWEY
Classification number xxxxx
Item number xxxxx
100 1# - ASIENTO PRINCIPAL -- NOMBRE PERSONAL
Nombre personal Montes, Graciela
245 10 - MENCIÓN DE TITULO
Título Había una vez una [casa] /
Mención de responsabilidad Graciela Montes ; ilustraciones de Saúl Oscar Rojas.
250 ## - MENCIÓN DE EDICION
Mención de edición 3ª reimp.
260 ## - PUBLICACIÓN, DISTRIBUCIÓN, ETC. (PIE DE IMPRENTA)
Lugar de publicación, distribución, etc Perú :
Nombre del editor, distribuidor, etc. Alfaguara Infantil,
Fecha de publicación, distribución, etc 2011.
300 ## - DESCRIPCIÓN FÍSICA
Extensión [12] p. :
Otros detalles físicos il. ;
Dimensiones 17 cm.
490 1# - MENCIÓN DE SERIES
Mención de serie Pictocuentos
490 1# - MENCIÓN DE SERIES
Mención de serie Alfaguara infantil
500 ## - NOTA GENERAL
Nota general Pre-Lectores
700 1# - ASIENTO SECUNDARIO -- NOMBRE PERSONAL
Nombre personal Rojas, Saúl Oscar
830 #0 - ASIENTO SECUNDARIO DE SERIE--TÍTULO UNIFORME
Título uniforme Pictocuentos.
830 #0 - ASIENTO SECUNDARIO DE SERIE--TÍTULO UNIFORME
Título uniforme Alfaguara infantil.
942 ## - ADDED ENTRY ELEMENTS (KOHA)
Source of classification or shelving scheme Dewey Decimal Classification
Koha item type Libros
945 ## - INFORMACIÓN DE PROCESAMIENTO LOCAL
Información de procesamiento local Inventariado, 2018/ YL
956 ## - LOCAL ELECTRONIC LOCATION AND ACCESS (OCLC)
Método de acceso LOPEREZ
Materiales especificados 10
Enlace 20161115
Campo enlazado y núm. de secuencia BPMSU
Nombre de host 00041
Existencias
Withdrawn status Lost status Source of classification or shelving scheme Damaged status Not for loan Collection code Home library Current library Date acquired Source of acquisition Total Checkouts Full call number Barcode Date last seen Price effective from Koha item type Copy number
    Dewey Decimal Classification     Colección Infantil General Biblioteca Pública Metropolitana Salomé Ureña Biblioteca Pública Metropolitana Salomé Ureña 11/15/2016 Alfaguara   xxxxx xxxxx BPMSU16111351 11/15/2016 11/15/2016 Libros  
    Dewey Decimal Classification     Colección Infantil General Biblioteca Pública Metropolitana Salomé Ureña Biblioteca Pública Metropolitana Salomé Ureña 11/15/2016 Alfaguara   xxxxx xxxxx BPMSU16111352 11/15/2016 11/15/2016 Libros ej. 2
    Dewey Decimal Classification     Colección Infantil General Biblioteca Pública Metropolitana Salomé Ureña Biblioteca Pública Metropolitana Salomé Ureña 11/15/2016 Alfaguara   xxxxx xxxxx BPMSU16111353 11/15/2016 11/15/2016 Libros ej. 3